Wszystkie mikropaństwa świata - Statystyki

Ogólne statystyki
  • Ten quiz został rozwiązany 37 razy
  • Średni wynik to 19 z 25
Statystyki odpowiedzi
Wielkość Kontynent Państwo % Poprawnych
61km² Europa San Marino
100%
0,44km² Europa Watykan
97%
160km² Europa Liechtenstein
94%
2km² Europa Monako
92%
468km² Europa Andora
89%
316km² Europa Malta
86%
459km² Australia i Oceania Palau
83%
714km² Azja Singapur
78%
26km² Australia i Oceania Tuvalu
78%
811km² Australia i Oceania Kiribati
75%
21km² Australia i Oceania Nauru
75%
261km² Ameryka Północna Saint Kitts i Nevis
75%
181km² Australia i Oceania Wyspy Marshalla
75%
702km² Australia i Oceania Mikronezja
72%
389km² Ameryka Północna Saint Vincent i Grenadyny
72%
455km² Afryka Seszele
72%
747km² Australia i Oceania Tonga
72%
443km² Ameryka Północna Antigua i Barbuda
69%
765km² Azja Bahrajn
69%
344km² Ameryka Północna Grenada
69%
616km² Ameryka Północna Saint Lucia
69%
430km² Ameryka Północna Barbados
67%
751km² Ameryka Północna Dominika
67%
964km² Afryka Wyspy Świętego Tomasza i Książęca
67%
298km² Azja Malediwy
61%
Nie znaleziono quizów pasujących do podanych kryteriów
Rozkład punktacji
Procent ludzi z każdym wynikiem
Percentyl według liczby udzielonych odpowiedzi
Twoja historia wyników
Nie rozwiązałeś tego quizu